[Event "Pan American-ch School U15 12th"]
[Site "Callao"]
[Date "2023.10.17"]
[Round "3"]
[White "Mancheno Barahona, Matias Gabriel"]
[Black "Yujra Paredez, Ignacio Tadeo"]
[Result "1/2-1/2"]
[WhiteElo "1820"]
[BlackElo "1611"]
[PlyCount "40"]
[EventDate "2023.10.16"]
[EventType "swiss"]
[EventRounds "9"]
[EventCountry "PER"]
[SourceTitle "Mega2024 Update 01"]
[Source "Chessbase"]
[SourceDate "2023.11.12"]
[SourceVersion "1"]
[SourceVersionDate "2023.11.12"]
[SourceQuality "1"]

1. g3 c5 2. Bg2 Nc6 3. c4 g6 4. Nc3 Bg7 5. e3 e5 6. Nge2 Nge7 7. 0-0 0-0 8. a3 a5 9. d3 d6 10. Rb1 Be6 11. Nd5 Rb8 12. Nxe7+ Nxe7 13. b4 axb4 14. axb4 cxb4 15. Rxb4 d5 16. cxd5 Nxd5 17. Rb1 Qd7 18. Bb2 Rfd8 19. d4 Bg4 20. e4 Nc3 1/2-1/2

[Event "Las Americas op U2400 Hybrid"]
[Site "Internet"]
[Date "2022.06.04"]
[Round "4.10"]
[White "Lopez Abreu, Michel Samuel"]
[Black "Mancheno Barahona, Matias Gabriel"]
[Result "1-0"]
[WhiteElo "2085"]
[BlackElo "1650"]
[PlyCount "43"]
[EventDate "2022.06.04"]
[EventType "swiss"]
[EventRounds "6"]
[EventCountry "VEN"]
[SourceTitle "EXT 2024"]
[Source "ChessBase"]
[SourceDate "2023.10.10"]
[SourceVersion "1"]
[SourceVersionDate "2023.10.10"]
[SourceQuality "1"]

1. c4 g6 2. Nc3 Bg7 3. g3 c5 4. Nf3 Nc6 5. Bg2 d6 6. 0-0 Bg4 7. d3 Qd7 8. Re1 Bh3 9. Bh1 h5 10. Be3 h4 11. d4 hxg3 12. fxg3 cxd4 13. Nxd4 Ne5 14. Bf2 Nxc4 15. Qb3 Nb6 16. a4 Nf6 17. a5 Ng4 18. axb6 Nxf2 19. Kxf2 Bxd4+ 20. e3 Qf5+ 21. Kg1 Qd3 22. Qa4+ 1-0

[Event "ECU-ch"]
[Site "Salinas"]
[Date "2021.12.16"]
[Round "1"]
[White "Mancheno Barahona, Matias Gabriel"]
[Black "Viscaino Yanez, Jhonny Cesar"]
[Result "0-1"]
[WhiteElo "1310"]
[BlackElo "1906"]
[PlyCount "58"]
[EventDate "2021.12.16"]
[EventType "swiss"]
[EventRounds "7"]
[EventCountry "ECU"]
[SourceTitle "EXT 2023"]
[Source "ChessBase"]
[SourceDate "2022.10.05"]
[SourceVersion "1"]
[SourceVersionDate "2022.10.05"]
[SourceQuality "1"]

1. g3 Nf6 2. Bg2 d5 3. c4 dxc4 4. Qa4+ Bd7 5. Qxc4 Bc6 6. Nf3 e6 7. Qc2 Be7 8. Nc3 0-0 9. 0-0 b6 10. d3 Bb7 11. a3 c5 12. Rd1 Nc6 13. e3 Qc8 14. d4 cxd4 15. Nxd4 Nxd4 16. Rxd4 Bxg2 17. Kxg2 Qb7+ 18. Kg1 Rfd8 19. Rxd8+ Rxd8 20. Bd2 Ng4 21. Be1 f5 22. e4 Ne5 23. Qe2 Rd4 24. f4 Bc5 25. Kf1 Ng4 26. h3 Rxe4 27. Nxe4 Ne3+ 28. Kg1 Qxe4 29. Qf2 Nc2 0-1